000 00624nam a2200265Ia 4500
005 20260306164630.0
008 008 260114s9999 xx 000 0 eng d
020 _a9780748652556
037 _aEBOOK
040 _aCRL
040 _beng
040 _cCRL
041 _2eng
041 _aeng
084 _qCRL
100 _aMookherjee
_91126502
245 0 _aWomen's Rights as Multicultural Claims
260 _bEdinburgh Scholarship Online
260 _c2012
650 _aPhilosophy
856 _uhttps://academic.oup.com/book/22583
942 _cEBOOK
999 _c1714815
_d1714815